La construcción de los proyectos axiológicos colectivos (Record no. 183523)

MARC details
000 -LEADER
campo de control de longitud fija 00845nam a2200241 i 4500
001 - NÚMERO DE CONTROL
campo de control 183523
003 - IDENTIFICADOR DE NÚMERO DE CONTROL
campo de control ES-MaACL
005 - FECHA Y HORA DE LA ÚLTIMA TRANSACCIÓN
campo de control 20231105122912.0
008 - DATOS DE LONGITUD FIJA--INFORMACIÓN GENERAL
campo de control de longitud fija 140711s2013 sp |||| | spa d
020 ## - NÚMERO INTERNACIONAL ESTÁNDAR DEL LIBRO
Número Internacional Estándar del Libro 9788468633435
080 ## - NÚMERO DE LA CLASIFICACIÓN DECIMAL UNIVERSAL
Número de la Clasificación Decimal Universal 17.022.1
100 1# - ENTRADA PRINCIPAL--NOMBRE DE PERSONA
Nombre de persona Corbí, Marià.
9 (RLIN) 40466
245 13 - MENCIÓN DEL TÍTULO
Título La construcción de los proyectos axiológicos colectivos
Resto del título : principios de epistemología axiológica /
Mención de responsabilidad, etc. Marià Corbí.
260 ## - PUBLICACIÓN, DISTRIBUCIÓN, ETC.
Lugar de publicación, distribución, etc. [Barcelona] :
Nombre del editor, distribuidor, etc. CETR :
-- Bubok,
Fecha de publicación, distribución, etc. D. L. 2013.
300 ## - DESCRIPCIÓN FÍSICA
Extensión 333 p. ;
Dimensiones 21 cm.
504 ## - NOTA DE BIBLIOGRAFÍA, ETC.
Nota de bibliografía, etc. Bibliografía: p. 329-333.
650 #4 - PUNTO DE ACCESO ADICIONAL DE MATERIA--TÉRMINO DE MATERIA
Término de materia o nombre geográfico como elemento de entrada Valores (Filosofía)
9 (RLIN) 154937
710 2# - ENTRADA AGREGADA--NOMBRE DE ENTIDAD CORPORATIVA
Nombre de entidad corporativa o nombre de jurisdicción como elemento de entrada Centro de Estudio de las Tradiciones Religiosas.
9 (RLIN) 154936
852 ## - LOCALIZACIÓN
Ubicación ES-MaACL
Número de control de estantería A-13135
itemnumber 190464
Sublocalización o colección R.149916
Ubicación en estantería Depósito 1
Signatura antigua Olim:N-6135
942 ## - ELEMENTOS DE ENTRADA SECUNDARIOS (KOHA)
Fuente del sistema de clasificación o colocación Clasificación decimal universal
Tipo de ítem Koha Libro impreso
Suprimir en OPAC No
Holdings
Estatus retirado Estado de pérdida Fuente del sistema de clasificación o colocación Estado de daño No para préstamo Biblioteca de origen Biblioteca actual Ubicación en estantería Fecha de adquisición Fuente de adquisición Total de préstamos Signatura topográfica completa Código de barras Visto por última vez Precio de reemplazo Tipo de ítem Koha
    Clasificación decimal universal     Biblioteca del Ateneo de Madrid Biblioteca del Ateneo de Madrid Depósito 1 11/07/2014 Donación   A-13135 1192900 23/02/2023 23/02/2023 Libro impreso